Football Transfers of Summer 2025 - Statistics

General Stats
  • This quiz has been taken 135 times
    134 since last reset
  • The average score is 27 of 30
Answer Stats
Price From To Name % Correct
🇸🇪 €145M Newcastle United Liverpool Alexander Isak
100%
🇩🇪 €125M Bayer Leverkusen Liverpool Florian Wirtz
99%
🇫🇷 €80M Eintracht Frankfurt Liverpool Hugo Ekitiké
96%
🇨🇴 €70M Liverpool Bayern Luis Díaz
96%
🇸🇮 €76.5M RB Leipzig Manchester United Benjamin Šeško
94%
🏴󠁧󠁢󠁥󠁮󠁧󠁿 €69.3M Crystal Palace Arsenal Eberechi Eze
94%
🇰🇷 €22M Tottenham Hotspur Los Angeles FC Son Heung-min
94%
🇸🇪 €65.8M Sporting CP Arsenal Viktor Gyökeres
94%
🇧🇷 €22M Manchester United Real Betis Antony
93%
🇧🇪 Free Manchester City Napoli Kevin de Bruyne
93%
🇳🇬 €75M Napoli Galatasaray Victor Osimhen
93%
🇧🇷 €74.2M Wolves Manchester United Matheus Cunha
91%
🇨🇲 €75M Brentford Manchester United Bryan Mbeumo
90%
🇪🇸 €62.5M Bournemouth Real Madrid Dean Huijsen
90%
🇩🇪 €85M VfB Stuttgart Newcastle United Nick Woltemade
90%
🇮🇹 €30M Paris Saint-Germain Manchester City Gianluigi Donnarumma
89%
🇭🇷 Free Real Madrid Milan Luka Modrić
89%
🏴󠁧󠁢󠁥󠁮󠁧󠁿 €10M Liverpool Real Madrid Trent Alexander-Arnold
89%
🇺🇾 €53M Liverpool Al-Hilal Darwin Núñez
88%
🇩🇪 Free Bayern Vancouver Whitecaps Thomas Müller
88%
🇦🇷 €46.2M Manchester United Chelsea Alejandro Garnacho
86%
🇨🇭 €15M Bayer Leverkusen Sunderland Granit Xhaka
86%
🏴󠁧󠁢󠁥󠁮󠁧󠁿 Free Leicester City Cremonese Jamie Vardy
86%
🇧🇷 €63.7M Brighton Chelsea João Pedro
86%
🇪🇸 €70M Real Sociedad Arsenal Martín Zubimendi
85%
🇳🇱 €55M Milan Manchester City Tijjani Reijnders
85%
🇸🇪 €61.4M Nottingham Forest Newcastle United Anthony Elanga
81%
🇵🇹 €30M Chelsea Al-Nassr João Félix
80%
🇫🇷 €25M Milan Al-Hilal Theo Hernández
76%
🇫🇷 Free Los Angeles FC Lille Olivier Giroud
69%
No matching quizzes found
Score Distribution
Percent of People with Each Score
Percentile by Number Answered
Your Score History
You have not taken this quiz since the last reset